Computers in education (Record no. 5281)

000 -LEADER
fixed length control field 00592 a2200181 4500
020 ## - INTERNATIONAL STANDARD BOOK NUMBER
International Standard Book Number 697393038
082 ## - DEWEY DECIMAL CLASSIFICATION NUMBER
Classification number 004
090 ## - LOCALLY ASSIGNED LC-TYPE CALL NUMBER (OCLC); LOCAL CALL NUMBER (RLIN)
-- 1325
-- 1325
100 ## - MAIN ENTRY--PERSONAL NAME
Personal name Hirschbuhl, John J.
245 ## - TITLE STATEMENT
Title Computers in education
Statement of responsibility, etc. John J. Hirschbuhl & Bishop, Dwight .
250 ## - EDITION STATEMENT
Edition statement 8th
260 ## - PUBLICATION, DISTRIBUTION, ETC.
Place of publication, distribution, etc. USA
Name of publisher, distributor, etc. McGraw-Hill College,
Date of publication, distribution, etc. 1988
300 ## - PHYSICAL DESCRIPTION
Extent 243 p. :
Other physical details ill. ;
Dimensions 28 cm.
440 ## - SERIES STATEMENT/ADDED ENTRY--TITLE
Title Annual editions
500 ## - GENERAL NOTE
General note Includes Index
650 ## - SUBJECT ADDED ENTRY--TOPICAL TERM
Topical term or geographic name entry element 1. Computer managed instruction--Periodicals 2. Computer-assisted instruction--Periodicals 3. Computers and civilization--Periodicals
942 ## - ADDED ENTRY ELEMENTS (KOHA)
Koha item type Book
Call number prefix 004 HIR
Holdings
Withdrawn status Lost status Damaged status Not for loan Collection code Permanent Location Current Location Shelving location Date acquired Source of acquisition Total Checkouts Full call number Barcode Date last seen Date last checked out Price effective from Koha item type
          NUST Law School (NLS) NUST Law School (NLS) First Floor - Computer Science 02/11/2002 Donation 1 004 HIR SEECS001784 10/27/2014 02/22/2014 01/05/2017 Book
© 2023 Central Library, National University of Sciences and Technology. All Rights Reserved.